000 00585nam a2200217Ia 4500
003 OSt
005 20220925231524.0
006 a|||||r|||| 00| 0
007 ta
008 220923b |||||||| |||| 00| 0 eng d
037 _cGeneral Book
040 _aRTL
_cRTL
_beng
041 _2eng
_aeng
082 _aE.235sN7, L7.AUR
245 0 _aDISTRICT GAZETTEERS. Maharashtra
_b Aurangabad
250 _aRev. Ed.
260 _aMaharashtra
_bGovt. Press
_c1977
650 _aGAZETTEER
942 _hE.235sN7, L7.AUR
_cGB
_2CC
999 _c588674
_d588674